| 000 | 01295cam a2200361 i 4500 | ||
|---|---|---|---|
| 001 | 61408 | ||
| 003 | Mx-PuUPA | ||
| 005 | 20260217193900.0 | ||
| 008 | 140828s2011 sp gr 000 f spa d | ||
| 017 | _aB-32.422-2011 | ||
| 020 | _a9788498380798 | ||
| 040 |
_aMx-PuUPA _bspa _cMx-PuUPA _dMx-PuUPA _erda |
||
| 041 | 1 |
_aspa _heng |
|
| 043 | _ae-ge--- | ||
| 100 | 1 |
_aBoyne, John, _d1971- _910933 _eautor |
|
| 240 | 1 | 4 |
_aThe boy in the striped pyjamas. _lEspañol |
| 245 | 1 | 3 |
_aEl niño con el pijama de rayas / _cJohn Boyne ; traducción del inglés de Gemma Rovira Ortega |
| 250 |
_a25a edición / _bseptiembre |
||
| 264 | 1 |
_aMadrid, España : _bPublicaciones y Ediciones Salamandra, _c2011 |
|
| 300 |
_a219 páginas ; _c20 cm |
||
| 336 |
_atexto _2rdacontent _btxt |
||
| 337 |
_asin medio _2rdamedia _bn |
||
| 338 |
_avolumen _2rdacarrier _bnc |
||
| 650 | 7 |
_2armarc _aAmistad |
|
| 650 | 7 |
_2armarc _aPrimera Guerra Mundial _y1939-1945 _xNovela juvenil |
|
| 650 | 7 |
_2armarc _aHolocausto judío _y1939-1945 _xNovela juvenil |
|
| 651 | 4 |
_aBerlin (Alemania) _vNovela |
|
| 700 | 1 |
_aRovira Ortega, Gemma, _etraductor |
|
| 765 | 0 |
_aBoyne, John, 1971- _tThe boy in the striped pyjamas. |
|
| 942 |
_2ddc _cLI _h823.914 _iB7818 |
||
| 999 |
_c61408 _d61408 |
||